Partition of india : (Record no. 344220)

000 -LEADER
fixed length control field 00586 a2200169 4500
020 ## - INTERNATIONAL STANDARD BOOK NUMBER
International Standard Book Number 019597719X
020 ## - INTERNATIONAL STANDARD BOOK NUMBER
International Standard Book Number 9780195977196
090 ## - LOCALLY ASSIGNED LC-TYPE CALL NUMBER (OCLC); LOCAL CALL NUMBER (RLIN)
-- 1705
-- 1705
100 1# - MAIN ENTRY--PERSONAL NAME
Personal name Seervai, H. M.
245 10 - TITLE STATEMENT
Title Partition of india :
Remainder of title legend and reality /
Statement of responsibility, etc. H. M. Seervai.
260 ## - PUBLICATION, DISTRIBUTION, ETC.
Place of publication, distribution, etc. [S.l.] :
Name of publisher, distributor, etc. Oxford University Press,
Date of publication, distribution, etc. 2005.
300 ## - PHYSICAL DESCRIPTION
Extent 256 p.
500 ## - GENERAL NOTE
General note Hardcover.
856 40 - ELECTRONIC LOCATION AND ACCESS
Materials specified Amazon.com
Uniform Resource Identifier <a href="http://www.amazon.com/exec/obidos/ASIN/019597719X/chopaconline-20">http://www.amazon.com/exec/obidos/ASIN/019597719X/chopaconline-20</a>
856 40 - ELECTRONIC LOCATION AND ACCESS
Materials specified Amazon customer reviews
Uniform Resource Identifier <a href="http://www.chopac.org/cgi-bin/tools/azrev.pl?q=019597719X">http://www.chopac.org/cgi-bin/tools/azrev.pl?q=019597719X</a>
942 ## - ADDED ENTRY ELEMENTS (KOHA)
Institution code [OBSOLETE] NBS
Koha item type Book
Call number prefix 954.0359 SEE
Holdings
Withdrawn status Lost status Damaged status Not for loan Permanent Location Current Location Date acquired Total Checkouts Total Renewals Full call number Barcode Date last seen Date last checked out Price effective from Koha item type
        Central Library (CL) Central Library (CL) 08/28/2013 4 2 954.0359 SEE NBS6680 04/02/2022 12/24/2021 08/28/2013 Book
© 2023 Central Library, National University of Sciences and Technology. All Rights Reserved.